00575nam a2200193Ia 4500008004100000020001400041082001200055100002600067245003300093250000700126260003700133300002700170500001900197600002000216650002000236942000700256952010300263999001500366240925s9999 xx 000 0 und d a205173950 a301 PAR aParrillo ,Vincent N. 0aContemporary Social Problems aNA aBoston:bAllyn and Baconc,1996. axx,292p.bNAfOriginal aIncludes Index aSocial Sciences aSocial Sciences cBK 001040708SSaUITUbUITUd2000-03-20eNAl0o301 PARpQ2931r2024-09-25 07:12:58w2024-09-25yBK c5430d5430